| 000 | 01210nam a22002537a 4500 | ||
|---|---|---|---|
| 005 | 20240814174534.0 | ||
| 008 | s2544 th tha d | ||
| 020 | _a9742030057 | ||
| 040 | _aNALT | ||
| 041 | _atha | ||
| 100 | 0 | _aชนินาฎ ณ เชียงใหม่ | |
| 245 | 1 | 0 | _aการเลิกจ้างที่ถูกกฎหมายและเป็นธรรม [2nd] |
| 260 | 3 |
_aกรุงเทพฯ : _bนิติธรรม, _c2544 |
|
| 300 |
_a147 หน้า ; _b 26 ซม. |
||
| 650 | 0 | 4 | _aการเลิกจ้าง -- กฎหมายและระเบียบข้อบังคับ |
| 650 | 0 | 4 | _aแรงงานรัฐวิสาหกิจสัมพันธ์ (พ.ร.บ.) -- 2543 |
| 650 | 0 | 4 | _aค้าจ้างกับแรงงาน -- กฎหมายและระเบียบข้อบังคับ |
| 650 | 0 | 4 | _aคุ้มครองแรงงาน (พ.ร.บ.) -- 2541 |
| 700 | 0 | _aชนินาฎ ณ เชียงใหม่ | |
| 850 | _aNALT | ||
| 942 |
_cLB _2lcc |
||
| 999 |
_c18685 _d18685 |
||
| 998 |
_j25 _k นีลวัสน์ อินทรักษา |
||
| 090 | _aKM14 ว541ก 2544 | ||